FIVE letter country names - Statistics

General Stats
  • This quiz has been taken 44 times
  • The average score is 18 of 25
Answer Stats
Answer % Correct
Egypt
90%
Italy
87%
Japan
87%
Spain
87%
Chile
81%
Benin
77%
China
74%
Libya
74%
Palau
74%
Samoa
74%
Syria
74%
Yemen
74%
Nauru
71%
Niger
71%
Sudan
71%
Tonga
71%
Gabon
68%
Haiti
68%
Kenya
68%
Ghana
65%
India
65%
Malta
65%
Nepal
61%
Qatar
61%
Macau
3%
No matching quizzes found
Score Distribution
Percent of People with Each Score
Percentile by Number Answered
Your Score History
You have not taken this quiz